000 00313nam a22001337a 4500
008 171019b xxu||||| |||| 00| 0 eng d
020 _a9780471055488
041 _aeng
080 _25TH
_a338
100 _a53
101 _aMEN
245 _aSALES MANAGEMENT CONCEPTS AND CASES
_cDALRYMPLE,D.J
942 _2udc
_cBK
999 _c34959
_d34959